| 000 | 00680nam a22002057a 4500 | ||
|---|---|---|---|
| 008 | 131219r2011 ii ae gr2 001 0 eng d | ||
| 020 | _a9789381075029 | ||
| 082 | 0 | 4 |
_222 _a615.028 _bWAL |
| 100 | 1 |
_934712 _aWallis, T. E. |
|
| 245 | 0 | 0 |
_aPractical pharmacognosy / _bT. E. Wallis. |
| 250 |
_a4th ed. _breprinted. |
||
| 260 |
_aHyderabad, India : _bPharmaMed Press, _c2011 _f(Aditya Offset Process (I.) Pvt. Ltd.) |
||
| 300 |
_avii, 235 p. : _bplans, tables ; _c24 cm. |
||
| 500 | _aAppendix : p. 222-229. | ||
| 500 | _aIndex : p. 230-235. | ||
| 650 | 0 |
_930053 _aPharmacognosy. |
|
| 653 |
_bPharmacy _cDecember2013 |
||
| 655 |
_vreading book _934232 |
||
| 942 |
_2ddc _cBB _k615.028 WAL |
||
| 999 |
_c17883 _d17855 |
||